000
00398nam a2200133Ia 4500
008
100328s9999 xx 000 0 und d
082
_b
70236
100
_a
रावजी आशू आणि काकडे दिनू.
245
_a
जिवलग.
260
_b
डॉल्फिन लायब्ररी.
630
_a
जिवलग.
730
_a
जिवलग.
942
_c
BOOK
999
_c
555964
_d
555961